Emociones y lenguaje en la educación política

Furkejuvvon:
Bibliográfalaš dieđut
Váldodahkki: Maturana Romesín, Humberto (autor)
Materiálatiipa: Girji
Giella:espánnjágiella
Almmustuhtton: Santiago J. C Sáez 2013
Preanttus:10a. ed
Fáttát:
Fáddágilkorat: Lasit fáddágilkoriid
Eai fáddágilkorat, Lasit vuosttaš fáddágilkora!

MARC

LEADER 00000cam a2200000 a 4500
001 UCD1459
003 CL-VaPUC
008 160303e20130000cl |||||||||||||||||spa|d
020 |a 9789567802364 
082 0 4 |a 370.1  |b MAT  |2 21 
100 |a Maturana Romesín, Humberto  |e autor  |9 448877 
245 1 0 |a Emociones y lenguaje en la educación política 
250 |a 10a. ed 
300 |a 117 p 
942 |c BK 
945 |d 20160303 03:41:00  |a arojas 
260 |a Santiago  |b J. C Sáez  |c 2013 
650 0 |a Filosofía de la educación   |9 258384 
650 0 |a Educación  |9 258661 
650 7 |a LENGUAJE Y EDUCACION  |2 CL-VaPUC  |9 263717 
583 |a last modification  |c 20160303 03:41:00  |k Rodrigo Vera 
999 |c 362764  |d 362762 
952 |0 0  |1 0  |2 ddc  |3 erb  |4 0  |6 370_100000000000000_MAT_2013  |7 0  |8 A  |9 474239  |a BIBING  |b BIBING  |c RES  |i 5265584  |o 370.1 MAT 2013  |p 5265584  |r 2025-01-20  |w 2019-11-24  |y BK  |z Catalogado en:20160303  |k EII 
952 |0 0  |1 0  |2 ddc  |3 erb  |4 0  |6 370_100000000000000_MAT_2013  |7 0  |8 A  |9 474240  |a BIBING  |b BIBING  |c RES  |i 5265592  |o 370.1 MAT 2013  |p 5265592  |r 2025-01-20  |w 2019-11-24  |y BK  |z Catalogado en:20160303  |k EII